000 00600nam a22001817a 4500
005 20241213125254.0
010 _aENG-143050
020 _c1495.00
_a9789381162477
035 _aEN-126582
037 _bDBAD/PUB
082 _a020.3
100 _aDillip K. Swain
_975153
245 _aElectronic Age Librainship/
_cby Dillip K. Swain
260 _aDarya Ganj
_bAne Books Pvt. Ltd.
_c2012
270 _bDarya Ganj
_a4821,Parwana Bhawan, 1st Floor, 24 Ansari Road
_e110002
_k9123276843
_k9123276863
_mKapoor@anebooks.com
300 _a343p.
_c24cm(hpk)
942 _2ddc
_cEN
_h020.3
_mDIL
999 _c207687
_d207687